[Event "Dos Hermanas Internet qual-E 10th"]
[Site "ICC INT"]
[Date "2009.03.15"]
[Round "10"]
[White "Shankland, Samuel L"]
[Black "Cubas, Jose Fernando"]
[Result "1-0"]
[WhiteElo "2453"]
[BlackElo "2438"]
[PlyCount "101"]
[EventDate "2009.03.15"]
[EventType "swiss (blitz)"]
[EventRounds "12"]
[EventCountry "ESP"]
[SourceTitle "CBM 129 Extra"]
[Source "ChessBase"]
[SourceDate "2009.05.05"]
[SourceVersion "2"]
[SourceVersionDate "2009.05.20"]
[SourceQuality "1"]

1. d4 d5 2. c4 e6 3. Nf3 Nf6 4. g3 Bb4+ 5. Bd2 Be7 6. Bg2 O-O 7. O-O c6 8. Bf4
Nbd7 9. Nc3 Nh5 10. cxd5 exd5 11. Bd2 Re8 12. Re1 Nhf6 13. h3 Bf8 14. Bf4 Nh5
15. Bd2 Nhf6 16. Qc2 b6 17. e4 dxe4 18. Ng5 Bb7 19. Ncxe4 h6 20. Nf3 c5 21.
Nxf6+ Nxf6 22. dxc5 Bxc5 23. Bc3 Ne4 24. Rad1 Qc7 25. Bd4 Rac8 26. Bxc5 Nxc5
27. b4 Ne6 28. Qxc7 Rxc7 29. Re3 Rec8 30. a3 Rc3 31. Rde1 Rc2 32. Ne5 Bxg2 33.
Kxg2 Nd4 34. Rd3 Nb5 35. Ree3 Ra2 36. h4 h5 37. Rf3 f6 38. Ng6 Rcc2 39. Nf4 Nc7
40. Nxh5 Ne6 41. Rd7 a5 42. bxa5 bxa5 43. Ra7 Nd4 44. Rxg7+ Kh8 45. Rxf6 Rxf2+
46. Rxf2 Rxf2+ 47. Kxf2 Ne6 48. Rg6 Nc5 49. Nf6 Nd3+ 50. Ke3 Ne5 51. Rg8# 1-0

[Event "Dos Hermanas Internet qual-E 10th"]
[Site "ICC INT"]
[Date "2009.03.15"]
[Round "11"]
[White "Cubas, Jose Fernando"]
[Black "Klobucar, Dean"]
[Result "1/2-1/2"]
[WhiteElo "2438"]
[BlackElo "2165"]
[PlyCount "116"]
[EventDate "2009.03.15"]
[EventType "swiss (blitz)"]
[EventRounds "12"]
[EventCountry "ESP"]
[SourceTitle "CBM 129 Extra"]
[Source "ChessBase"]
[SourceDate "2009.05.05"]
[SourceVersion "2"]
[SourceVersionDate "2009.05.20"]
[SourceQuality "1"]

1. e4 e6 2. d4 d5 3. e5 c5 4. Nf3 Nc6 5. Bd3 cxd4 6. O-O f5 7. exf6 Nxf6 8. Re1
Bd6 9. Bb5 O-O 10. Bg5 Qc7 11. Nxd4 Bxh2+ 12. Kh1 Nxd4 13. Qxd4 Bd6 14. Nc3 h6
15. Bd2 a6 16. Bd3 e5 17. Qh4 e4 18. Nxd5 Nxd5 19. Qxe4 Nf6 20. Qg6 Qf7 21.
Qxf7+ Kxf7 22. Bc4+ Kg6 23. Rad1 Bc5 24. f3 Bf5 25. g4 Bxc2 26. Rc1 Ba4 27.
Bd3+ Kf7 28. Rxc5 Rac8 29. Bb4 Rxc5 30. Bxc5 Rd8 31. Bc4+ Kg6 32. Re7 Bc6 33.
Kh2 Bxf3 34. Kg3 Bxg4 35. Rxb7 Rc8 36. Bd3+ Bf5 37. Bxf5+ Kxf5 38. Bd4 Rc2 39.
Rb6 a5 40. Rb5+ Ke4 41. Bxf6 gxf6 42. Rxa5 Rxb2 43. a4 f5 44. Ra8 f4+ 45. Kg4
Rg2+ 46. Kh3 Rg3+ 47. Kh2 Ra3 48. a5 Kf3 49. a6 Kf2 50. a7 f3 51. Kh1 h5 52.
Kh2 h4 53. Kh1 Ra1+ 54. Kh2 Ra2 55. Kh3 Ra4 56. Kh2 Ra3 57. Kh3 Ra4 58. Kh2 Ra3
1/2-1/2

[Event "Dos Hermanas Internet qual-E 10th"]
[Site "ICC INT"]
[Date "2009.03.15"]
[Round "12"]
[White "Garcia, Jan Emmanuel"]
[Black "Cubas, Jose Fernando"]
[Result "1-0"]
[WhiteElo "2283"]
[BlackElo "2438"]
[PlyCount "103"]
[EventDate "2009.03.15"]
[EventType "swiss (blitz)"]
[EventRounds "12"]
[EventCountry "ESP"]
[SourceTitle "CBM 129 Extra"]
[Source "ChessBase"]
[SourceDate "2009.05.05"]
[SourceVersion "2"]
[SourceVersionDate "2009.05.20"]
[SourceQuality "1"]

1. c4 e6 2. g3 d5 3. b3 Nf6 4. Nf3 Be7 5. Bg2 O-O 6. O-O c6 7. Bb2 Nbd7 8. d4
b6 9. Nbd2 Bb7 10. Qc2 Rc8 11. e4 Qc7 12. Rac1 Qb8 13. Rfe1 Rfd8 14. h4 Bf8 15.
e5 Ne8 16. Ng5 g6 17. h5 Bh6 18. Ndf3 Ng7 19. hxg6 hxg6 20. Kh2 Nf8 21. Rh1 c5
22. Kg1 Bxg5 23. Nxg5 dxc4 24. Bxb7 Qxb7 25. Ne4 Nd7 26. Nd6 Qc6 27. Nxc8 Rxc8
28. Qxc4 Nf5 29. dxc5 bxc5 30. Rd1 Nb6 31. Qg4 c4 32. Qh3 Qxh1+ 33. Qxh1 cxb3
34. axb3 Nd5 35. Rxd5 exd5 36. Qxd5 Rc2 37. e6 Rxb2 38. Qd8+ Kg7 39. e7 Nxe7
40. Qd4+ f6 41. Qxb2 Nf5 42. Qa3 Kh6 43. Qxa7 Kg5 44. Qc5 Kg4 45. b4 g5 46. b5
Ng7 47. b6 f5 48. b7 Kh3 49. b8=Q Nh5 50. Qc4 g4 51. Qb7 f4 52. Qh1# 1-0

[Event "Campinas Rizzoni Memorial 2nd"]
[Site "Campinas"]
[Date "2009.05.04"]
[Round "1"]
[White "Cubas, Jose Fernando"]
[Black "Rodriguez Vila, Andres"]
[Result "1/2-1/2"]
[WhiteElo "2434"]
[BlackElo "2524"]
[PlyCount "76"]
[EventDate "2009.05.04"]
[EventType "tourn"]
[EventRounds "13"]
[EventCountry "BRA"]
[EventCategory "6"]
[SourceTitle "CBM 130 Extra"]
[Source "ChessBase"]
[SourceDate "2009.07.02"]
[SourceVersion "2"]
[SourceVersionDate "2009.07.15"]
[SourceQuality "1"]

1. e4 e5 2. Nf3 Nc6 3. Bc4 Bc5 4. c3 Nf6 5. d4 exd4 6. cxd4 Bb4+ 7. Bd2 Bxd2+
8. Nbxd2 d5 9. exd5 Nxd5 10. Qb3 Nce7 11. O-O O-O 12. Rfe1 c6 13. Ne4 Qb6 14.
Qa3 a5 15. Nc5 Qc7 16. Rac1 b6 17. Ne4 Bb7 18. Ne5 Rad8 19. Qg3 Qc8 20. h3 Nf5
21. Qg4 Nxd4 22. Qxc8 Bxc8 23. Nxc6 Nxc6 24. Bxd5 Rxd5 25. Rxc6 Re5 26. Re3 Bb7
27. Rxb6 Bxe4 28. f3 f5 29. fxe4 fxe4 30. b4 axb4 31. Rxb4 Rfe8 32. Kf2 Kf7 33.
a4 Kf6 34. Ra3 h5 35. a5 Rf5+ 36. Ke2 e3 37. Rxe3 Rxe3+ 38. Kxe3 Rxa5 1/2-1/2

[Event "Campinas Rizzoni Memorial 2nd"]
[Site "Campinas"]
[Date "2009.05.05"]
[Round "2"]
[White "Chauca, Jose Luis Murga"]
[Black "Cubas, Jose Fernando"]
[Result "0-1"]
[WhiteElo "2098"]
[BlackElo "2434"]
[PlyCount "70"]
[EventDate "2009.05.04"]
[EventType "tourn"]
[EventRounds "13"]
[EventCountry "BRA"]
[EventCategory "6"]
[SourceTitle "CBM 130 Extra"]
[Source "ChessBase"]
[SourceDate "2009.07.02"]
[SourceVersion "2"]
[SourceVersionDate "2009.07.15"]
[SourceQuality "1"]

1. e4 c5 2. Nf3 d6 3. Bb5+ Bd7 4. a4 Nf6 5. Nc3 Nc6 6. d4 cxd4 7. Nxd4 g6 8. h3
Bg7 9. Be3 O-O 10. O-O Na5 11. Be2 Rc8 12. Bd3 Nc4 13. Bxc4 Rxc4 14. Qd3 Rc8
15. Ra3 a6 16. Rfa1 e5 17. Nde2 Be6 18. a5 d5 19. Bb6 Qd7 20. exd5 Nxd5 21.
Nxd5 Qxd5 22. Qxd5 Bxd5 23. Nc3 Bc6 24. f3 f5 25. Rd1 g5 26. Raa1 Rf7 27. Rd2
h5 28. Rad1 Re8 29. Rd8 Rxd8 30. Rxd8+ Kh7 31. Nd5 g4 32. hxg4 hxg4 33. fxg4
fxg4 34. c3 g3 35. Be3 Bb5 0-1

[Event "Campinas Rizzoni Memorial 2nd"]
[Site "Campinas"]
[Date "2009.05.07"]
[Round "4"]
[White "Cubas, Jose Fernando"]
[Black "Oliveira, Silvio Eduardo"]
[Result "1-0"]
[WhiteElo "2434"]
[BlackElo "2360"]
[PlyCount "31"]
[EventDate "2009.05.04"]
[EventType "tourn"]
[EventRounds "13"]
[EventCountry "BRA"]
[EventCategory "6"]
[SourceTitle "CBM 130 Extra"]
[Source "ChessBase"]
[SourceDate "2009.07.02"]
[SourceVersion "2"]
[SourceVersionDate "2009.07.15"]
[SourceQuality "1"]

1. e4 c5 2. Nf3 Nc6 3. d4 cxd4 4. Nxd4 Nf6 5. Nc3 d6 6. f3 e6 7. Be3 Be7 8. Qd2
O-O 9. g4 d5 10. g5 Nxd4 11. Qxd4 Nh5 12. O-O-O Bxg5 13. exd5 exd5 14. Rg1
Bxe3+ 15. Qxe3 Be6 16. Qh6 1-0

[Event "Campinas Rizzoni Memorial 2nd"]
[Site "Campinas"]
[Date "2009.05.08"]
[Round "5"]
[White "Saldano Dayer, Horacio"]
[Black "Cubas, Jose Fernando"]
[Result "1/2-1/2"]
[WhiteElo "2449"]
[BlackElo "2434"]
[PlyCount "169"]
[EventDate "2009.05.04"]
[EventType "tourn"]
[EventRounds "13"]
[EventCountry "BRA"]
[EventCategory "6"]
[SourceTitle "CBM 130 Extra"]
[Source "ChessBase"]
[SourceDate "2009.07.02"]
[SourceVersion "2"]
[SourceVersionDate "2009.07.15"]
[SourceQuality "1"]

1. c4 e5 2. Nc3 Nf6 3. Nf3 Nc6 4. g3 d5 5. cxd5 Nxd5 6. Bg2 Nb6 7. a3 Be7 8. d3
O-O 9. O-O Re8 10. b4 Bf8 11. Bb2 a5 12. b5 Nd4 13. Nd2 Qd7 14. a4 Rb8 15. e3
Ne6 16. Nf3 f6 17. Qc2 Qf7 18. Nd2 Bd7 19. Nb3 Bb4 20. Ne4 c6 21. Bc3 Qe7 22.
Bxb4 axb4 23. a5 Nd5 24. a6 Rec8 25. a7 Ra8 26. Nec5 Nc3 27. Nxd7 Qxd7 28. b6
Qd8 29. Bh3 Kf7 30. Bxe6+ Kxe6 31. Nc5+ Ke7 32. Qb3 Nd5 33. e4 Qxb6 34. Na4 Qd4
35. exd5 cxd5 36. Nb2 b5 37. Ra6 Rc7 38. Nd1 Rcxa7 39. Rxa7+ Rxa7 40. Ne3 Ke6
41. Rc1 Ra3 42. Rc6+ Kf7 43. Rc7+ Ke8 44. Qc2 Rc3 45. Rxc3 Qxc3 46. Qa2 Qxd3
47. Qa8+ Kf7 48. Qb7+ Kg6 49. Qxd5 Qxd5 50. Nxd5 b3 51. Nc3 b2 52. f3 b4 53.
Nb1 Kf5 54. Kf2 e4 55. Nd2 exf3 56. Kxf3 h5 57. h3 g6 58. Ke3 g5 59. Kf3 Kg6
60. Ke3 f5 61. Kf3 Kf6 62. Ke3 Ke6 63. Kd3 g4 64. hxg4 fxg4 65. Ke4 Kf6 66. Kf4
Kg6 67. Nb1 Kf6 68. Nd2 Ke6 69. Ke4 Kd7 70. Kd3 Kc6 71. Kc2 Kd5 72. Kd3 Kc5 73.
Ne4+ Kd5 74. Nd2 Kc6 75. Kc2 Kd5 76. Kd3 Ke5 77. Nc4+ Kf5 78. Nxb2 Kg5 79. Ke3
h4 80. gxh4+ Kxh4 81. Kf2 Kh3 82. Kg1 Kg3 83. Na4 b3 84. Nb2 Kf3 85. Na4
1/2-1/2

[Event "Campinas Rizzoni Memorial 2nd"]
[Site "Campinas"]
[Date "2009.05.09"]
[Round "6"]
[White "Cubas, Jose Fernando"]
[Black "De Nucci, Gilberto"]
[Result "1-0"]
[WhiteElo "2434"]
[BlackElo "2060"]
[PlyCount "89"]
[EventDate "2009.05.04"]
[EventType "tourn"]
[EventRounds "13"]
[EventCountry "BRA"]
[EventCategory "6"]
[SourceTitle "CBM 130 Extra"]
[Source "ChessBase"]
[SourceDate "2009.07.02"]
[SourceVersion "2"]
[SourceVersionDate "2009.07.15"]
[SourceQuality "1"]

1. e4 c5 2. Nf3 e6 3. d4 cxd4 4. Nxd4 Nc6 5. Nc3 Qc7 6. Be3 a6 7. Bd3 Nf6 8.
O-O Nxd4 9. Bxd4 Bc5 10. Bxc5 Qxc5 11. Na4 Qc7 12. c4 d6 13. Rc1 O-O 14. f4 Bd7
15. Nc3 b5 16. cxb5 axb5 17. Kh1 Qb8 18. a3 b4 19. axb4 Qxb4 20. e5 dxe5 21.
fxe5 Ng4 22. Be4 Ne3 23. Qd3 Nxf1 24. Bxh7+ Kh8 25. Qh3 Qf4 26. Be4+ Qh6 27.
Qxh6+ gxh6 28. Bxa8 Ne3 29. Be4 Ng4 30. b4 Nxe5 31. g3 Rc8 32. Ne2 Rb8 33. Rb1
Nc4 34. Bg2 Kg7 35. Nc3 f5 36. Kg1 Kf6 37. Kf2 Ke5 38. Rd1 Nb6 39. Re1+ Kd4 40.
Ne2+ Kc4 41. Nf4 Re8 42. Rc1+ Kxb4 43. Nd3+ Kb3 44. Rb1+ Kc2 45. Rxb6 1-0

[Event "Campinas Rizzoni Memorial 2nd"]
[Site "Campinas"]
[Date "2009.05.09"]
[Round "7"]
[White "El Debs, Felipe de Cresce"]
[Black "Cubas, Jose Fernando"]
[Result "1-0"]
[WhiteElo "2465"]
[BlackElo "2434"]
[PlyCount "53"]
[EventDate "2009.05.04"]
[EventType "tourn"]
[EventRounds "13"]
[EventCountry "BRA"]
[EventCategory "6"]
[SourceTitle "CBM 130 Extra"]
[Source "ChessBase"]
[SourceDate "2009.07.02"]
[SourceVersion "2"]
[SourceVersionDate "2009.07.15"]
[SourceQuality "1"]

1. d4 d5 2. Nf3 Nf6 3. c4 c6 4. cxd5 cxd5 5. Nc3 Nc6 6. e3 a6 7. Ne5 e6 8. f4
Nxe5 9. fxe5 Nd7 10. Bd3 Be7 11. O-O O-O 12. Bd2 f5 13. g4 g6 14. gxf5 gxf5 15.
Kh1 b5 16. Ne2 Bg5 17. Rg1 Kh8 18. Ba5 Qxa5 19. Rxg5 Qd8 20. Rg3 Rg8 21. Rxg8+
Kxg8 22. Nf4 Qe7 23. Qh5 Nf8 24. Qh6 Bd7 25. Rg1+ Kh8 26. Nh5 Be8 27. Rg7 1-0

[Event "Campinas Rizzoni Memorial 2nd"]
[Site "Campinas"]
[Date "2009.05.10"]
[Round "8"]
[White "Cubas, Jose Fernando"]
[Black "Fusco, Leonardo"]
[Result "1-0"]
[WhiteElo "2434"]
[BlackElo "2405"]
[PlyCount "131"]
[EventDate "2009.05.04"]
[EventType "tourn"]
[EventRounds "13"]
[EventCountry "BRA"]
[EventCategory "6"]
[SourceTitle "CBM 130 Extra"]
[Source "ChessBase"]
[SourceDate "2009.07.02"]
[SourceVersion "2"]
[SourceVersionDate "2009.07.15"]
[SourceQuality "1"]

1. e4 c5 2. Nf3 d6 3. d4 Nf6 4. Nc3 cxd4 5. Nxd4 a6 6. f3 e5 7. Nb3 Be6 8. Be3
h5 9. Qd2 Nbd7 10. O-O-O Qc7 11. Kb1 Rb8 12. h3 b5 13. Bd3 h4 14. f4 Be7 15.
Rhe1 Nb6 16. Bxb6 Rxb6 17. Bf1 O-O 18. Nd5 Nxd5 19. exd5 Bf5 20. Bd3 Bxd3 21.
Qxd3 exf4 22. Re4 Bg5 23. Nd4 Qd7 24. Nf3 Bh6 25. Rde1 Qf5 26. Nxh4 Qg5 27. Nf3
Qxg2 28. R4e2 Qg6 29. Qd4 Rb7 30. Rg1 Qh5 31. Reg2 f6 32. Qf2 Re8 33. Rg6 Rbe7
34. R6g4 Qxh3 35. a4 Re3 36. Nd4 Rg3 37. R4xg3 fxg3 38. Rxg3 Qh1+ 39. Rg1 Qxd5
40. Nf5 Bg5 41. Rf1 Re5 42. a5 b4 43. b3 Qxa5 44. Qf3 Rxf5 45. Qxf5 Qxf5 46.
Rxf5 Kf7 47. Ra5 Ke6 48. c3 bxc3 49. Kc2 Bd2 50. Rxa6 g5 51. b4 g4 52. b5 f5
53. Ra7 Be3 54. Rg7 Bd4 55. Rg6+ Ke5 56. Kd3 Bc5 57. Kxc3 Kf4 58. Kd3 Kf3 59.
Rg5 f4 60. Rxc5 dxc5 61. b6 g3 62. b7 g2 63. b8=Q g1=Q 64. Qb7+ Kf2 65. Qb2+
Kf1 66. Qe2# 1-0

[Event "Campinas Rizzoni Memorial 2nd"]
[Site "Campinas"]
[Date "2009.05.10"]
[Round "9"]
[White "Santos, Marcus Vinicius M"]
[Black "Cubas, Jose Fernando"]
[Result "1-0"]
[WhiteElo "2399"]
[BlackElo "2434"]
[PlyCount "83"]
[EventDate "2009.05.04"]
[EventType "tourn"]
[EventRounds "13"]
[EventCountry "BRA"]
[EventCategory "6"]
[SourceTitle "CBM 130 Extra"]
[Source "ChessBase"]
[SourceDate "2009.07.02"]
[SourceVersion "2"]
[SourceVersionDate "2009.07.15"]
[SourceQuality "1"]

1. d4 d5 2. c4 c6 3. Nc3 Nf6 4. e3 a6 5. Nf3 e6 6. c5 b6 7. b4 a5 8. Qa4 Nfd7
9. e4 Be7 10. b5 cxb5 11. Bxb5 bxc5 12. exd5 cxd4 13. Nxd4 Bb4 14. Bb2 Qf6 15.
Rd1 Qe5+ 16. Nde2 O-O 17. O-O exd5 18. Rxd5 Qe7 19. Qc2 Bb7 20. Rh5 Nf6 21. Rg5
Rc8 22. Qd3 h6 23. Rg3 Nbd7 24. Nd4 Ne5 25. Qb1 Nh5 26. Re3 Bxc3 27. Bxc3 Qg5
28. g3 Nf4 29. Rfe1 Nh3+ 30. Kf1 Ng4 31. Bd7 Ba6+ 32. Bb5 Nxe3+ 33. Rxe3 Bxb5+
34. Nxb5 Qd5 35. f3 Re8 36. Rd3 Qc5 37. Bd4 Qc6 38. Rc3 Qd5 39. Qd3 Qxa2 40.
Rc2 Qb1+ 41. Kg2 Rab8 42. Nd6 1-0

[Event "Campinas Rizzoni Memorial 2nd"]
[Site "Campinas"]
[Date "2009.05.11"]
[Round "10"]
[White "Cubas, Jose Fernando"]
[Black "Name, Gabriel Ricardo"]
[Result "1-0"]
[WhiteElo "2434"]
[BlackElo "2239"]
[PlyCount "81"]
[EventDate "2009.05.04"]
[EventType "tourn"]
[EventRounds "13"]
[EventCountry "BRA"]
[EventCategory "6"]
[SourceTitle "CBM 130 Extra"]
[Source "ChessBase"]
[SourceDate "2009.07.02"]
[SourceVersion "2"]
[SourceVersionDate "2009.07.15"]
[SourceQuality "1"]

1. e4 c6 2. d4 d5 3. e5 Bf5 4. Nd2 a6 5. Nb3 e6 6. Nf3 Nd7 7. Be3 Ne7 8. Nh4
Be4 9. f3 Nf5 10. Nxf5 Bxf5 11. Be2 Rc8 12. O-O Bg6 13. f4 h5 14. Rc1 f5 15. c4
dxc4 16. Bxc4 Bf7 17. Bd2 Qe7 18. Na5 b5 19. Be2 Nb8 20. Bf3 Qd7 21. Qe2 Be7
22. a3 Kf8 23. b4 g5 24. fxg5 Qxd4+ 25. Kh1 Be8 26. Rfd1 h4 27. Nb3 Qb6 28. Be3
Qc7 29. Bc5 Kg7 30. Bd6 Qa7 31. Nc5 Bf7 32. Qf2 Kg6 33. Rd4 Bxg5 34. Rg1 Nd7
35. g4 f4 36. Rxf4 Nxc5 37. Bxc5 Qc7 38. Be4+ Kg7 39. Rf1 Bxf4 40. Qxf4 Rh6 41.
Qg5+ 1-0

[Event "Campinas Rizzoni Memorial 2nd"]
[Site "Campinas"]
[Date "2009.05.12"]
[Round "11"]
[White "Barreto Filho, Carlos Alberto"]
[Black "Cubas, Jose Fernando"]
[Result "0-1"]
[WhiteElo "2273"]
[BlackElo "2434"]
[PlyCount "68"]
[EventDate "2009.05.04"]
[EventType "tourn"]
[EventRounds "13"]
[EventCountry "BRA"]
[EventCategory "6"]
[SourceTitle "CBM 130 Extra"]
[Source "ChessBase"]
[SourceDate "2009.07.02"]
[SourceVersion "2"]
[SourceVersionDate "2009.07.15"]
[SourceQuality "1"]

1. e4 e6 2. d4 d5 3. Nc3 Nf6 4. e5 Nfd7 5. f4 c5 6. Nf3 Nc6 7. Be3 a6 8. Qd2
cxd4 9. Nxd4 Bc5 10. O-O-O O-O 11. Kb1 Bxd4 12. Bxd4 b5 13. Qe3 b4 14. Na4 Nxd4
15. Qxd4 a5 16. Bd3 Qc7 17. Rhe1 Ba6 18. Rc1 Qc6 19. b3 Bb5 20. Bxb5 Qxb5 21.
c4 bxc3 22. Rxc3 Rfb8 23. Rec1 h6 24. Rc7 Nf8 25. Ra7 Rxa7 26. Qxa7 Qd3+ 27.
Kb2 Rb4 28. Rc8 Qd2+ 29. Rc2 Qxf4 30. Qxa5 Ng6 31. Qd8+ Kh7 32. Rc8 Nxe5 33.
Nc5 Qd2+ 34. Ka3 Nc4+ 0-1

[Event "Campinas Rizzoni Memorial 2nd"]
[Site "Campinas"]
[Date "2009.05.13"]
[Round "12"]
[White "Cubas, Jose Fernando"]
[Black "Fier, Alexandr"]
[Result "1-0"]
[WhiteElo "2434"]
[BlackElo "2595"]
[PlyCount "161"]
[EventDate "2009.05.04"]
[EventType "tourn"]
[EventRounds "13"]
[EventCountry "BRA"]
[EventCategory "6"]
[SourceTitle "CBM 130 Extra"]
[Source "ChessBase"]
[SourceDate "2009.07.02"]
[SourceVersion "2"]
[SourceVersionDate "2009.07.15"]
[SourceQuality "1"]

1. e4 c5 2. Nf3 d6 3. d4 cxd4 4. Nxd4 Nf6 5. Nc3 Nc6 6. f3 g6 7. Be3 Bg7 8. Qd2
O-O 9. Bc4 Bd7 10. O-O-O Rc8 11. Bb3 Ne5 12. Kb1 Re8 13. h4 h5 14. g4 hxg4 15.
h5 Nxh5 16. Bh6 Bf6 17. fxg4 Bxg4 18. Rdg1 Rxc3 19. Qxc3 Qb6 20. Be3 Qa6 21.
Qd2 e6 22. a3 Bg7 23. Bh6 Qb6 24. Bxg7 Kxg7 25. Rh4 Bf3 26. Ka2 Qd8 27. Qh2 Nf6
28. Qf4 Bh5 29. Qg5 Kh7 30. c3 Kg7 31. Rxh5 Nxh5 32. Qxh5 Qf6 33. Qh2 Rh8 34.
Qe2 a6 35. Rf1 Qe7 36. Qg2 Rh5 37. Bd1 Rh4 38. Rh1 Rxh1 39. Qxh1 Qf6 40. Qg2
Qf4 41. Bb3 Kf6 42. Qh1 Nd3 43. Bc2 Nf2 44. Qh8+ Kg5 45. Qd8+ Kg4 46. Qc7 Nxe4
47. Bxe4 Qxe4 48. Qxf7 Qd5+ 49. Kb1 Qe4+ 50. Kc1 Qe1+ 51. Kc2 Qe4+ 52. Kd2 Qg2+
53. Ke3 Qg1+ 54. Ke2 Qg2+ 55. Kd3 Kh5 56. Qxe6 Qxb2 57. Qxd6 Qb1+ 58. Kd2 g5
59. Qh2+ Kg6 60. Qd6+ Kh5 61. Qb4 Qh1 62. Ne2 Qd5+ 63. Ke3 Qe5+ 64. Qe4 Qc5+
65. Kf3 Kh6 66. Kg4 Qc8+ 67. Kf3 Qf8+ 68. Kg4 Qc8+ 69. Qf5 Qc4+ 70. Nd4 Qxc3
71. Qe6+ Kh7 72. Qd7+ Kh8 73. Nf5 b5 74. Qe8+ Kh7 75. Qf7+ Kh8 76. Kh5 g4 77.
Qf8+ Kh7 78. Qh6+ Kg8 79. Qe6+ Kh7 80. Qd7+ Kh8 81. Kg6 1-0

[Event "Campinas Rizzoni Memorial 2nd"]
[Site "Campinas"]
[Date "2009.05.14"]
[Round "13"]
[White "Leitao, Rafael Duailibe"]
[Black "Cubas, Jose Fernando"]
[Result "1-0"]
[WhiteElo "2590"]
[BlackElo "2434"]
[PlyCount "97"]
[EventDate "2009.05.04"]
[EventType "tourn"]
[EventRounds "13"]
[EventCountry "BRA"]
[EventCategory "6"]
[SourceTitle "CBM 130 Extra"]
[Source "ChessBase"]
[SourceDate "2009.07.02"]
[SourceVersion "2"]
[SourceVersionDate "2009.07.15"]
[SourceQuality "1"]

1. d4 d5 2. c4 c6 3. Nf3 Nf6 4. e3 a6 5. Bd3 Bg4 6. Nbd2 e6 7. O-O Nbd7 8. b3
Bd6 9. Bb2 Qb8 10. Qc2 O-O 11. h3 Bh5 12. Ng5 h6 13. Ngf3 Bxf3 14. Nxf3 Re8 15.
Rfd1 Qc7 16. c5 Bf8 17. b4 g6 18. Rac1 Rab8 19. a4 b5 20. Ne5 Nxe5 21. dxe5 Nd7
22. axb5 axb5 23. f4 Ra8 24. e4 Bg7 25. Rf1 Ra4 26. Qb3 Nf8 27. Rce1 Raa8 28.
Bb1 Rad8 29. h4 Rd7 30. exd5 exd5 31. Qg3 Rde7 32. h5 gxh5 33. Re3 Kh8 34. Rfe1
Nh7 35. Bd4 Qb8 36. Bxh7 Kxh7 37. f5 Bf6 38. R3e2 Bg5 39. Qf3 Qc8 40. f6 Re6
41. Qf5+ Kh8 42. Qf3 Rg8 43. Qxh5 Rg6 44. Ra1 Re8 45. e6 Rxe6 46. Rxe6 Qxe6 47.
Qxg6 Be3+ 48. Kh1 fxg6 49. f7+ 1-0

[Event "Asuncion zt 2.5"]
[Site "Asuncion"]
[Date "2009.06.18"]
[Round "9"]
[White "Rodriguez Vila, Andres"]
[Black "Cubas, Jose Fernando"]
[Result "1-0"]
[WhiteElo "2524"]
[BlackElo "2434"]
[PlyCount "91"]
[EventDate "2009.06.10"]
[EventType "swiss"]
[EventRounds "9"]
[EventCountry "PAR"]
[SourceTitle "CBM 130 Extra"]
[Source "ChessBase"]
[SourceDate "2009.07.02"]
[SourceVersion "2"]
[SourceVersionDate "2009.07.15"]
[SourceQuality "1"]

1. d4 d5 2. Bg5 h6 3. Bh4 c6 4. c3 Qb6 5. Qb3 Bf5 6. Nd2 Nd7 7. Ngf3 e6 8. e3
Be7 9. Be2 a5 10. O-O a4 11. Qxb6 Nxb6 12. c4 Nf6 13. c5 Nbd7 14. b4 axb3 15.
axb3 O-O 16. b4 g5 17. Bg3 Ne4 18. Nxe4 Bxe4 19. Ne5 Nxe5 20. Bxe5 Rfc8 21. b5
f6 22. bxc6 bxc6 23. Bg3 Kf7 24. Rfc1 e5 25. Bg4 Rxa1 26. Rxa1 f5 27. Bh5+ Ke6
28. f3 Bd3 29. Ra7 Rb8 30. Bxe5 Rb1+ 31. Kf2 Rb2+ 32. Ke1 Rxg2 33. Bd6 Bxd6 34.
Bf7+ Kf6 35. cxd6 f4 36. exf4 gxf4 37. Ra8 Bf5 38. Rf8 Be6 39. Bh5+ Kg7 40. Re8
Kf6 41. Bg4 Rxg4 42. fxg4 Bxg4 43. Kf2 h5 44. h4 Bd7 45. Re7 Bg4 46. Rh7 1-0

[Event "Pan American Continental"]
[Site "Sao Paulo"]
[Date "2009.07.25"]
[Round "1"]
[White "Cubas, Jose Fernando"]
[Black "Martinez, Daniel2"]
[Result "1-0"]
[WhiteElo "2454"]
[BlackElo "2060"]
[PlyCount "67"]
[EventDate "2009.07.25"]
[EventType "swiss"]
[EventRounds "11"]
[EventCountry "BRA"]
[SourceTitle "CBM 132 Extra"]
[Source "ChessBase"]
[SourceDate "2009.11.03"]
[SourceVersion "1"]
[SourceVersionDate "2009.11.03"]
[SourceQuality "1"]

1. e4 c5 2. Nf3 Nc6 3. d4 cxd4 4. Nxd4 Nf6 5. Nc3 e5 6. Ndb5 d6 7. Bg5 a6 8.
Na3 b5 9. Bxf6 gxf6 10. Nd5 Be6 11. c3 f5 12. exf5 Bxf5 13. Qf3 Bd7 14. Nf6+
Ke7 15. Bd3 Bg7 16. Nxd7 Qxd7 17. Be4 Rac8 18. Bf5 Qc7 19. Bxc8 Rxc8 20. Nc2
Kf8 21. Ne3 Ne7 22. O-O Rd8 23. Rfd1 Qc6 24. Nd5 Ng6 25. Qg4 Re8 26. h4 Re6 27.
a4 e4 28. axb5 axb5 29. Ra7 e3 30. fxe3 Ne5 31. Qf5 Rg6 32. Rc7 Qe8 33. Rc8
Nf3+ 34. Kh1 1-0

[Event "Pan American Continental"]
[Site "Sao Paulo"]
[Date "2009.07.26"]
[Round "2"]
[White "Assumpcao, Roberto"]
[Black "Cubas, Jose Fernando"]
[Result "0-1"]
[WhiteElo "2234"]
[BlackElo "2454"]
[PlyCount "62"]
[EventDate "2009.07.25"]
[EventType "swiss"]
[EventRounds "11"]
[EventCountry "BRA"]
[SourceTitle "CBM 132 Extra"]
[Source "ChessBase"]
[SourceDate "2009.11.03"]
[SourceVersion "1"]
[SourceVersionDate "2009.11.03"]
[SourceQuality "1"]

1. e4 c5 2. Nc3 Nc6 3. g3 g6 4. Bg2 Bg7 5. d3 e6 6. Be3 Nd4 7. Qd2 Ne7 8. Nf3
O-O 9. O-O d6 10. Nd1 Rb8 11. c3 Nxf3+ 12. Bxf3 b5 13. Bh6 b4 14. Bxg7 Kxg7 15.
Bg2 a5 16. Ne3 a4 17. Rab1 Ba6 18. f4 f5 19. exf5 gxf5 20. Rfe1 Rf6 21. d4 cxd4
22. Qxd4 d5 23. Ng4 fxg4 24. Rxe6 Nf5 25. Qa7+ Bb7 26. Rxf6 Kxf6 27. Re1 bxc3
28. bxc3 Bc6 29. Qxh7 Qb6+ 30. Kh1 Re8 31. Rg1 Qb8 0-1

[Event "Pan American Continental"]
[Site "Sao Paulo"]
[Date "2009.07.27"]
[Round "4"]
[White "Avalos Parra, Joao"]
[Black "Cubas, Jose Fernando"]
[Result "0-1"]
[WhiteElo "2243"]
[BlackElo "2454"]
[PlyCount "104"]
[EventDate "2009.07.25"]
[EventType "swiss"]
[EventRounds "11"]
[EventCountry "BRA"]
[SourceTitle "CBM 132 Extra"]
[Source "ChessBase"]
[SourceDate "2009.11.03"]
[SourceVersion "1"]
[SourceVersionDate "2009.11.03"]
[SourceQuality "1"]

1. d4 d5 2. c4 Nc6 3. Nf3 Bg4 4. Nc3 e6 5. e3 Nf6 6. Be2 dxc4 7. Qa4 Nd7 8.
Qxc4 Nb6 9. Qb3 Bd6 10. O-O O-O 11. Rd1 Qe7 12. h3 Bh5 13. Ne5 Na5 14. Qb5 Bxe2
15. Nxe2 Bxe5 16. Qxe5 Nc6 17. Qg3 f5 18. f3 Rf6 19. Qh4 Raf8 20. Ng3 Qf7 21.
e4 fxe4 22. Nxe4 Rf5 23. Re1 Nxd4 24. Ng5 Rxg5 25. Bxg5 Nc2 26. Qe4 Nxa1 27.
Rxa1 Qf5 28. Qxf5 exf5 29. a4 Nd5 30. Rd1 c6 31. b4 h6 32. Bh4 Re8 33. b5 Re2
34. Bf2 Ra2 35. bxc6 bxc6 36. Rc1 Rxa4 37. Rxc6 Ra1+ 38. Kh2 Ra2 39. Kg1 Nf4
40. Rc8+ Kh7 41. Rc4 Ne2+ 42. Kf1 f4 43. Re4 Ng3+ 44. Bxg3 fxg3 45. Rg4 Ra6 46.
Ke2 h5 47. Rc4 Ra2+ 48. Kf1 Ra1+ 49. Ke2 Ra2+ 50. Kf1 a5 51. f4 a4 52. h4 a3
0-1